[Event "Benidorm 2010 - Sub-2300"]
[Site "Benidorm ESP"]
[Date "2010.12.10"]
[Round "9.60"]
[White "Codina Tormo, Julia"]
[Black "Rodriguez Ferrer, Pablo"]
[Result "0-1"]
[WhiteElo "2018"]
[BlackElo "2101"]
[PlyCount "50"]
[EventDate "2010.12.03"]
[EventType "tourn"]
[EventRounds "10"]
[EventCountry "ESP"]
[Source "lmi"]
[SourceDate "2010.12.03"]

1. e4 e6 2. d4 d5 3. Nc3 Bb4 4. e5 b6 5. a3 Bf8 6. Bd3 Ba6 7. Nge2 Qd7 8. Bxa6
Nxa6 9. Qd3 Nb8 10. O-O c5 11. dxc5 bxc5 12. Rd1 Nc6 13. Qg3 Nge7 14. Bf4 Nf5
15. Qf3 Be7 16. g4 Nh4 17. Qg3 g5 18. Bxg5 Bxg5 19. f4 Be7 20. Kh1 Ng6 21. Qg2
h5 22. g5 Qb7 23. f5 Nh4 24. Qf2 Nxf5 25. Nxd5 Ncd4 0-1

[Event "Benidorm 2010 - Sub-2300"]
[Site "Benidorm ESP"]
[Date "2010.12.11"]
[Round "10.1"]
[White "Carbonell Bofill, Carlos Eloy"]
[Black "Griezne, Edvins"]
[Result "1/2-1/2"]
[WhiteElo "2256"]
[BlackElo "2012"]
[PlyCount "24"]
[EventDate "2010.12.03"]
[EventType "tourn"]
[EventRounds "10"]
[EventCountry "ESP"]
[Source "lmi"]
[SourceDate "2010.12.03"]

1. e4 c6 2. Nc3 d5 3. Nf3 Bg4 4. d4 e6 5. Bd3 Nf6 6. e5 Nfd7 7. Ne2 c5 8. c3
Nc6 9. O-O f6 10. exf6 Qxf6 11. Bg5 Qf7 12. Ne5 Ndb8 1/2-1/2

[Event "Benidorm 2010 - Sub-2300"]
[Site "Benidorm ESP"]
[Date "2010.12.11"]
[Round "10.2"]
[White "Cruz Lledo, Pablo"]
[Black "Amdouni, Zoubaier"]
[Result "0-1"]
[WhiteElo "2248"]
[BlackElo "2233"]
[PlyCount "90"]
[EventDate "2010.12.03"]
[EventType "tourn"]
[EventRounds "10"]
[EventCountry "ESP"]
[Source "lmi"]
[SourceDate "2010.12.03"]

1. d4 Nf6 2. c4 g6 3. Nc3 Bg7 4. e4 d6 5. f3 O-O 6. Nge2 c5 7. d5 e6 8. Ng3 Na6
9. Be2 exd5 10. cxd5 Nc7 11. Be3 Bd7 12. a4 a6 13. Rb1 b5 14. b4 Ng4 15. Bd2
Ne3 16. Bxe3 Bxc3+ 17. Bd2 cxb4 18. O-O Bxd2 19. Qxd2 a5 20. f4 bxa4 21. f5 Kg7
22. f6+ Kh8 23. Qh6 Rg8 24. Rf4 g5 25. Rf2 Rg6 26. Qh5 Ne8 27. e5 dxe5 28. Ne4
Qb6 29. Kh1 Qe3 30. Rd1 Rc8 31. Bd3 Rc1 32. Rxc1 Qxc1+ 33. Rf1 Qe3 34. Nc5 e4
35. Nxd7 Qxd3 36. Rd1 Nxf6 37. Nxf6 Rxf6 38. h3 Rf1+ 39. Rxf1 Qxf1+ 40. Kh2 Qf6
41. Qd1 Qd6+ 42. Kh1 a3 43. Qb3 Kg7 44. Qc4 e3 45. Qd4+ Qf6 0-1

[Event "Benidorm 2010 - Sub-2300"]
[Site "Benidorm ESP"]
[Date "2010.12.11"]
[Round "10.3"]
[White "Inants, Aghasi"]
[Black "Renteria, Jorge"]
[Result "0-1"]
[WhiteElo "2246"]
[BlackElo "2262"]
[PlyCount "58"]
[EventDate "2010.12.03"]
[EventType "tourn"]
[EventRounds "10"]
[EventCountry "ESP"]
[Source "lmi"]
[SourceDate "2010.12.03"]

1. e4 c5 2. Nf3 d6 3. d4 cxd4 4. Nxd4 Nf6 5. Nc3 a6 6. Be3 e5 7. Nb3 Be6 8. Qd2
Be7 9. f3 O-O 10. O-O-O Nbd7 11. g4 b5 12. g5 b4 13. Ne2 Ne8 14. f4 a5 15. f5
Bxb3 16. cxb3 a4 17. bxa4 Rxa4 18. Kb1 Rxa2 19. Kxa2 Qa8+ 20. Kb3 Bxg5 21. Rc1
Nb6 22. Qxb4 Bxe3 23. Bg2 Bxc1 24. Rxc1 Nf6 25. Nc3 Rb8 26. Kc2 Nbd5 27. Qxb8+
Qxb8 28. Nxd5 Nxd5 29. exd5 h5 0-1

[Event "Benidorm 2010 - Sub-2300"]
[Site "Benidorm ESP"]
[Date "2010.12.11"]
[Round "10.4"]
[White "Pruja Ramirez De Cartagena, Mar"]
[Black "Diogo, Vasco"]
[Result "1/2-1/2"]
[WhiteElo "2239"]
[BlackElo "2285"]
[PlyCount "117"]
[EventDate "2010.12.03"]
[EventType "tourn"]
[EventRounds "10"]
[EventCountry "ESP"]
[Source "lmi"]
[SourceDate "2010.12.03"]

1. e4 c5 2. Ne2 d6 3. g3 h5 4. Bg2 e5 5. Nbc3 Nc6 6. d3 h4 7. Nd5 hxg3 8. fxg3
Be6 9. Be3 Qd7 10. Qd2 O-O-O 11. O-O-O Kb8 12. Kb1 Rc8 13. c3 Nge7 14. Ka1 Bh3
15. Bxh3 Rxh3 16. Ng1 Rh8 17. Nf3 Nxd5 18. exd5 Ne7 19. c4 f6 20. Qf2 g6 21.
Nd2 Bg7 22. Ne4 Nf5 23. Bd2 Rcf8 24. Bc3 Bh6 25. Rde1 Nd4 26. Bxd4 cxd4 27. Qe2
f5 28. Nf2 Rc8 29. g4 Be3 30. Nd1 Bf4 31. h3 Ka8 32. Ref1 b5 33. b3 Rh7 34. Nb2
a6 35. Qc2 Rch8 36. Qg2 Qc7 37. a4 Qc5 38. cxb5 Qa3+ 39. Kb1 Qxb3 40. gxf5 gxf5
41. Qc2 Qxd5 42. Qc4 Qxc4 43. Nxc4 axb5 44. axb5 Rb8 45. Nxd6 Rb6 46. Nc4 Rxb5+
47. Kc2 Kb8 48. Rb1 Rxb1 49. Rxb1+ Kc7 50. Rb5 Re7 51. Rc5+ Kd7 52. Nb6+ Ke6
53. Rc6+ Kf7 54. Nd5 Rd7 55. Nxf4 exf4 56. Kd2 Re7 57. Rd6 Re3 58. Rxd4 Rxh3
59. Rxf4 1/2-1/2

[Event "Benidorm 2010 - Sub-2300"]
[Site "Benidorm ESP"]
[Date "2010.12.11"]
[Round "10.5"]
[White "Arata, Roberto Mario"]
[Black "Turcu, Iulian"]
[Result "1-0"]
[WhiteElo "2237"]
[BlackElo "2177"]
[PlyCount "69"]
[EventDate "2010.12.03"]
[EventType "tourn"]
[EventRounds "10"]
[EventCountry "ESP"]
[Source "lmi"]
[SourceDate "2010.12.03"]

1. d4 Nf6 2. c4 g6 3. Nc3 d5 4. cxd5 Nxd5 5. Qb3 Nxc3 6. bxc3 Bg7 7. e3 O-O 8.
Bd3 c5 9. Ne2 Nc6 10. O-O Qc7 11. Rb1 Rd8 12. Be4 Na5 13. Qa3 cxd4 14. cxd4 Be6
15. Bd2 Nc4 16. Qc3 Rab8 17. Rfc1 Qd7 18. Be1 Nd6 19. Bd3 Bxa2 20. Ra1 Rbc8 21.
Qb4 Rxc1 22. Nxc1 Bd5 23. Rxa7 Qg4 24. Bf1 Nf5 25. h3 Qg5 26. Ne2 e5 27. dxe5
Nh4 28. f4 Qh5 29. Qe7 Nf3+ 30. gxf3 Rc8 31. Qd7 Be6 32. Qxb7 h6 33. Nd4 Rc1
34. Nxe6 Rxe1 35. Qxf7+ 1-0

[Event "Benidorm 2010 - Sub-2300"]
[Site "Benidorm ESP"]
[Date "2010.12.11"]
[Round "10.6"]
[White "Garcia Trobat, Francisco"]
[Black "Voiteanu, Gabriel"]
[Result "1-0"]
[WhiteElo "2291"]
[BlackElo "2262"]
[PlyCount "107"]
[EventDate "2010.12.03"]
[EventType "tourn"]
[EventRounds "10"]
[EventCountry "ESP"]
[Source "lmi"]
[SourceDate "2010.12.03"]

1. d4 Nf6 2. Nf3 g6 3. c4 Bg7 4. Nc3 d5 5. cxd5 Nxd5 6. e4 Nxc3 7. bxc3 O-O 8.
Be2 c5 9. Rb1 cxd4 10. cxd4 Qa5+ 11. Qd2 Qxd2+ 12. Bxd2 b6 13. Rc1 Bb7 14. Bd3
Rd8 15. Be3 Nc6 16. d5 Nb4 17. Bb1 Ba6 18. Nd4 e6 19. a3 Nd3+ 20. Bxd3 Bxd3 21.
Nc6 Rd7 22. dxe6 fxe6 23. f3 Bb2 24. Rd1 Rc8 25. Ne7+ Rxe7 26. Rxd3 Rc3 27.
Rxc3 Bxc3+ 28. Ke2 Bb2 29. a4 Rc7 30. Rd1 Kf7 31. Rd8 Ke7 32. Ra8 Kd6 33. Kd3
Rc3+ 34. Kd2 Rc7 35. Kd3 Kc6 36. f4 e5 37. f5 Kb7 38. Rg8 Rc3+ 39. Kd2 gxf5 40.
exf5 e4 41. Bd4 Rb3 42. Bxb2 Rxb2+ 43. Ke3 Rb3+ 44. Kxe4 Rb4+ 45. Kd5 Rb2 46.
f6 Rd2+ 47. Ke6 Re2+ 48. Kd7 Rd2+ 49. Ke8 Re2+ 50. Kf8 Kc7 51. Rg4 h5 52. Rg7+
Kd8 53. f7 Kd7 54. Kg8 1-0

[Event "Benidorm 2010 - Sub-2300"]
[Site "Benidorm ESP"]
[Date "2010.12.11"]
[Round "10.8"]
[White "Recuero Guerra, Javier"]
[Black "Rocabert Andreu, Guillem A"]
[Result "1-0"]
[WhiteElo "2287"]
[BlackElo "2227"]
[PlyCount "103"]
[EventDate "2010.12.03"]
[EventType "tourn"]
[EventRounds "10"]
[EventCountry "ESP"]
[Source "lmi"]
[SourceDate "2010.12.03"]

1. e4 Nf6 2. e5 Nd5 3. d4 d6 4. c4 Nb6 5. exd6 exd6 6. Nc3 Be7 7. Bd3 Nc6 8.
Nge2 Bg4 9. f3 Bh5 10. O-O O-O 11. b3 Bg6 12. Bxg6 hxg6 13. Be3 Re8 14. Qd2 Bf6
15. Kh1 Qe7 16. Bg1 Rad8 17. Rae1 Bh4 18. g3 Bg5 19. f4 Bf6 20. d5 Nb8 21. Nd4
Qd7 22. Ne4 c6 23. f5 g5 24. Ne6 fxe6 25. fxe6 Qe7 26. Nxf6+ gxf6 27. Bd4 Rf8
28. Rf5 Rde8 29. Ref1 N8d7 30. exd7 Nxd7 31. Qc2 Rf7 32. dxc6 bxc6 33. Rxg5+
fxg5 34. Qg6+ Rg7 35. Bxg7 Qe4+ 36. Qxe4 Rxe4 37. Bc3 Re2 38. Rf5 Rxa2 39.
Rxg5+ Kf7 40. Rh5 Rc2 41. Rf5+ Ke6 42. Rf3 Nc5 43. Bd4 Ne4 44. h4 a5 45. Bg1
Re2 46. g4 Nf6 47. g5 Nh5 48. Bf2 Ke5 49. Kg2 Rb2 50. Kh3 Ng7 51. Kg4 Ke6 52.
h5 1-0

[Event "Benidorm 2010 - Sub-2300"]
[Site "Benidorm ESP"]
[Date "2010.12.11"]
[Round "10.9"]
[White "Martinez Rodriguez, Pablo"]
[Black "Orndahl, Markus"]
[Result "0-1"]
[WhiteElo "2286"]
[BlackElo "2213"]
[PlyCount "50"]
[EventDate "2010.12.03"]
[EventType "tourn"]
[EventRounds "10"]
[EventCountry "ESP"]
[Source "lmi"]
[SourceDate "2010.12.03"]

1. Nf3 Nf6 2. c4 c6 3. Nc3 d5 4. e3 a6 5. b3 g6 6. d4 Bg7 7. Bd3 b5 8. O-O O-O
9. h3 Bf5 10. Bxf5 gxf5 11. cxd5 cxd5 12. Bd2 Nc6 13. Ne2 e6 14. Nf4 Kh8 15.
Qe2 Qd7 16. Rfc1 Rfb8 17. Rc2 Ne4 18. Rac1 Rc8 19. Nd3 Qb7 20. Be1 Bf6 21. Nd2
Be7 22. Nb1 Bd6 23. f3 Nf6 24. Bh4 Nd7 25. a3 Na5 0-1

[Event "Benidorm 2010 - Sub-2300"]
[Site "Benidorm ESP"]
[Date "2010.12.11"]
[Round "10.11"]
[White "Rodriguez Yuste, Marcelo"]
[Black "Perez Gonzalez, Jose Manuel"]
[Result "1-0"]
[WhiteElo "2223"]
[BlackElo "2281"]
[PlyCount "111"]
[EventDate "2010.12.03"]
[EventType "tourn"]
[EventRounds "10"]
[EventCountry "ESP"]
[Source "lmi"]
[SourceDate "2010.12.03"]

1. e4 c5 2. Nf3 d6 3. Bb5+ Bd7 4. Bxd7+ Qxd7 5. c4 Nc6 6. d4 cxd4 7. Nxd4 g6 8.
O-O Bg7 9. Be3 Nf6 10. f3 O-O 11. Nc3 Rac8 12. b3 Qd8 13. Qd2 Qa5 14. Rfd1 a6
15. Rac1 b5 16. Nxc6 Rxc6 17. Nd5 Qxd2 18. Bxd2 Nxd5 19. cxd5 Rcc8 20. Kf1 Bb2
21. Rxc8 Rxc8 22. Ke2 f5 23. Kd3 Kf7 24. h3 h5 25. Rb1 Be5 26. Rc1 Rxc1 27.
Bxc1 f4 28. a4 Ke8 29. Bd2 Kd7 30. Bc3 Bf6 31. axb5 axb5 32. Bd2 Be5 33. Bc3
Bf6 34. Bd4 Kc7 35. Kc3 Kb7 36. Kd3 Kc7 37. Bc3 Kb6 38. e5 Bxe5 39. Bxe5 dxe5
40. Ke4 Kc5 41. Kxe5 g5 42. Kf5 Kb4 43. Ke6 Kc5 44. Kxe7 Kxd5 45. Kf6 b4 46.
Kxg5 Kd4 47. Kxf4 Kc3 48. g4 hxg4 49. hxg4 Kxb3 50. g5 Kc3 51. g6 b3 52. g7 b2
53. g8=Q b1=Q 54. Qg7+ Kd2 55. Qd4+ Kc1 56. Qg1+ 1-0

[Event "Benidorm 2010 - Sub-2300"]
[Site "Benidorm ESP"]
[Date "2010.12.11"]
[Round "10.12"]
[White "Torres Ventosa, Pedro Eugenio"]
[Black "Vlashki, Nino"]
[Result "1-0"]
[WhiteElo "2277"]
[BlackElo "2225"]
[PlyCount "43"]
[EventDate "2010.12.03"]
[EventType "tourn"]
[EventRounds "10"]
[EventCountry "ESP"]
[Source "lmi"]
[SourceDate "2010.12.03"]

1. e4 e5 2. Nf3 Nc6 3. Bb5 a6 4. Ba4 Nf6 5. d3 d6 6. c3 g6 7. Nbd2 Bg7 8. Nf1
O-O 9. Ng3 Ne7 10. d4 Nd7 11. h4 b5 12. Bb3 c5 13. h5 c4 14. hxg6 hxg6 15. Bc2
d5 16. Ng5 exd4 17. cxd4 dxe4 18. Bxe4 Ra7 19. Nh5 Nf6 20. Nxf6+ Bxf6 21. Nh7
Qxd4 22. Be3 1-0

[Event "Benidorm 2010 - Sub-2300"]
[Site "Benidorm ESP"]
[Date "2010.12.11"]
[Round "10.13"]
[White "Khojayan, Vardan"]
[Black "Alcaraz Ortega, Javier"]
[Result "1-0"]
[WhiteElo "2215"]
[BlackElo "2274"]
[PlyCount "103"]
[EventDate "2010.12.03"]
[EventType "tourn"]
[EventRounds "10"]
[EventCountry "ESP"]
[Source "lmi"]
[SourceDate "2010.12.03"]

1. Nf3 g6 2. c4 Bg7 3. Nc3 d6 4. d4 Bg4 5. e3 Nf6 6. Be2 O-O 7. O-O Na6 8. h3
Bf5 9. b3 c5 10. Bb2 b6 11. Re1 Nc7 12. Bf1 Bc8 13. e4 cxd4 14. Nxd4 Ne6 15. e5
dxe5 16. Nc6 Qc7 17. Nxe5 Rd8 18. Qf3 Bb7 19. Nd5 Bxd5 20. cxd5 Ng5 21. Qf4
Nxd5 22. Qxg5 f6 23. Qg4 fxe5 24. Qe6+ Kh8 25. Bxe5 Bxe5 26. Rxe5 Rd6 27. Qg4
Qd7 28. Qh4 Kg7 29. Rae1 Re8 30. a4 Qd8 31. Bb5 Rf8 32. Bc4 e6 33. Qxd8 Rfxd8
34. Rxe6 Rxe6 35. Rxe6 h5 36. h4 Rd7 37. Bxd5 Rxd5 38. Re7+ Kf6 39. Rxa7 Rd1+
40. Kh2 Rb1 41. Ra6 Rxb3 42. a5 Kf5 43. Rxb6 Ra3 44. Rb5+ Kf6 45. Rg5 Kf7 46.
f4 Kf6 47. g3 Ra2+ 48. Kg1 Kf7 49. f5 gxf5 50. Rxf5+ Kg6 51. Rg5+ Kh6 52. Kf1
1-0

[Event "Benidorm 2010 - Sub-2300"]
[Site "Benidorm ESP"]
[Date "2010.12.11"]
[Round "10.20"]
[White "Diaz Nunez, Adolfo"]
[Black "Jordan Martinez, Miguel"]
[Result "1/2-1/2"]
[WhiteElo "2248"]
[BlackElo "2169"]
[PlyCount "20"]
[EventDate "2010.12.03"]
[EventType "tourn"]
[EventRounds "10"]
[EventCountry "ESP"]
[Source "lmi"]
[SourceDate "2010.12.03"]

1. Nf3 Nf6 2. c4 Nc6 3. d4 e6 4. g3 Bb4+ 5. Bd2 Bxd2+ 6. Qxd2 d6 7. Nc3 O-O 8.
Bg2 e5 9. d5 Ne7 10. O-O a5 1/2-1/2

[Event "Benidorm 2010 - Sub-2300"]
[Site "Benidorm ESP"]
[Date "2010.12.11"]
[Round "10.27"]
[White "Acebal Muniz, Antonio"]
[Black "Barzanu, Iulian"]
[Result "1/2-1/2"]
[WhiteElo "2166"]
[BlackElo "2242"]
[PlyCount "23"]
[EventDate "2010.12.03"]
[EventType "tourn"]
[EventRounds "10"]
[EventCountry "ESP"]
[Source "lmi"]
[SourceDate "2010.12.03"]

1. Nf3 c5 2. c4 Nf6 3. Nc3 Nc6 4. d4 cxd4 5. Nxd4 e6 6. e4 Bb4 7. Nxc6 dxc6 8.
Qxd8+ Kxd8 9. f3 e5 10. Be3 Be6 11. O-O-O+ Kc7 12. Kc2 1/2-1/2

[Event "Benidorm 2010 - Sub-2300"]
[Site "Benidorm ESP"]
[Date "2010.12.11"]
[Round "10.37"]
[White "Jensen, Stein"]
[Black "Stoeckmann, Helmut"]
[Result "1/2-1/2"]
[WhiteElo "2069"]
[BlackElo "2174"]
[PlyCount "30"]
[EventDate "2010.12.03"]
[EventType "tourn"]
[EventRounds "10"]
[EventCountry "ESP"]
[Source "lmi"]
[SourceDate "2010.12.03"]

1. c4 Nf6 2. Nf3 e6 3. g3 d5 4. d4 Be7 5. Bg2 O-O 6. O-O c6 7. Qc2 b6 8. Nbd2
Bb7 9. e4 dxe4 10. Nxe4 Nxe4 11. Qxe4 Nd7 12. b3 Nf6 13. Qe2 Nd7 14. Bb2 Bf6
15. Bc3 Qe7 1/2-1/2

[Event "Benidorm 2010 - Sub-2300"]
[Site "Benidorm ESP"]
[Date "2010.12.11"]
[Round "10.42"]
[White "Obers, Frits"]
[Black "Prieto Aranguren, Alain"]
[Result "0-1"]
[WhiteElo "2103"]
[BlackElo "2179"]
[PlyCount "44"]
[EventDate "2010.12.03"]
[EventType "tourn"]
[EventRounds "10"]
[EventCountry "ESP"]
[Source "lmi"]
[SourceDate "2010.12.03"]

1. c4 Nf6 2. g3 g6 3. Bg2 Bg7 4. Nc3 O-O 5. e4 d6 6. Nge2 e5 7. O-O Nc6 8. d3
Nd7 9. Be3 Nc5 10. d4 exd4 11. Nxd4 Ne5 12. b3 Ng4 13. Bc1 Re8 14. f4 c6 15. h3
Qb6 16. hxg4 Nxb3 17. axb3 Qxd4+ 18. Kh2 Qxd1 19. Rxd1 Bxc3 20. Ra2 Bxg4 21.
Rxd6 a5 22. Be3 Rad8 0-1

[Event "Benidorm 2010 - Sub-2300"]
[Site "Benidorm ESP"]
[Date "2010.12.11"]
[Round "10.46"]
[White "Garcia Del Campo, Luis Alberto"]
[Black "Varga, Mariano"]
[Result "1/2-1/2"]
[WhiteElo "2083"]
[BlackElo "2144"]
[PlyCount "48"]
[EventDate "2010.12.03"]
[EventType "tourn"]
[EventRounds "10"]
[EventCountry "ESP"]
[Source "lmi"]
[SourceDate "2010.12.03"]

1. d4 d5 2. c4 e5 3. dxe5 d4 4. Nf3 Nc6 5. a3 Bg4 6. Nbd2 Qe7 7. g3 O-O-O 8.
Bg2 Nxe5 9. O-O Nf6 10. b4 d3 11. e3 h5 12. h4 Kb8 13. Bb2 Nxf3+ 14. Bxf3 Rg8
15. Qa4 Bxf3 16. Nxf3 Ne4 17. Bd4 g6 18. Ne5 Qe8 19. Qxe8 Rxe8 20. Nxf7 Be7 21.
Rad1 g5 22. Nxg5 Bxg5 23. hxg5 Rxg5 24. c5 h4 1/2-1/2

[Event "Benidorm 2010 - Sub-2300"]
[Site "Benidorm ESP"]
[Date "2010.12.11"]
[Round "10.49"]
[White "Remolar Gallen, Jose"]
[Black "Diaz Herrero, Alvaro"]
[Result "0-1"]
[WhiteElo "2040"]
[BlackElo "2133"]
[PlyCount "52"]
[EventDate "2010.12.03"]
[EventType "tourn"]
[EventRounds "10"]
[EventCountry "ESP"]
[Source "lmi"]
[SourceDate "2010.12.03"]

1. d4 Nf6 2. e3 c5 3. Bd3 d5 4. c3 Nbd7 5. f4 g6 6. Qf3 Bg7 7. Ne2 O-O 8. g4
Nxg4 9. Ng3 Ndf6 10. Nd2 Nh6 11. h3 b6 12. b3 a5 13. a4 e6 14. h4 Ba6 15. Bc2
cxd4 16. exd4 Nf5 17. Ba3 Re8 18. O-O-O Qc7 19. Nb1 Nxg3 20. Qxg3 Nh5 21. Qg2
Nxf4 22. Qf3 Rac8 23. Rd2 e5 24. dxe5 Bxe5 25. Rf2 Ne2+ 26. Kb2 Nxc3 0-1

[Event "Benidorm 2010 - Sub-2300"]
[Site "Benidorm ESP"]
[Date "2010.12.11"]
[Round "10.58"]
[White "De Lucas Bello, Federico"]
[Black "Zamora Soler, Raul"]
[Result "1/2-1/2"]
[WhiteElo "2102"]
[BlackElo "2013"]
[PlyCount "20"]
[EventDate "2010.12.03"]
[EventType "tourn"]
[EventRounds "10"]
[EventCountry "ESP"]
[Source "lmi"]
[SourceDate "2010.12.03"]

1. e4 e6 2. d4 d5 3. Nd2 dxe4 4. Nxe4 Nd7 5. Nf3 Ngf6 6. Nxf6+ Nxf6 7. Bg5 Be7
8. Bd3 h6 9. Bh4 Nd5 10. Bg3 Bd6 1/2-1/2